000 00431cam a2200193 4500
001 D14053
008 090401t1948 xxu||||| |||| 00| 0 eng d
035 _a(Sirsi) u13213
041 _aeng
100 _aThrelfall, H.
245 _aText book of surveying and levelling
250 _a3rd
260 _aLondon
_bGriffin
_c1948
300 _a670p
350 _a1.2
520 _aShelf 136
942 _n0
948 _c04/03/1997
999 _c87070
_d87070